000 01309nam a2200289Ia 4500
001 K0398
003 IT-RoPAU
008 130308s9999 xx 000 0 und d
040 _aIT-RoPAU
040 _cIT-RoPAU
041 _aITALIANO
100 _aScianò Federico
100 _gCodice Aut. SPICS: 14725
245 _aCaro amico, ti scrivo dalla tv
245 _bCaro Amico, Ti Scrivo Dalla tv
250 _a1a ed.
260 _aMILANO
260 _bPaoline Editoriale Libri
260 _c1996 [1° Ed.:1996 - Ed.Ling.Originale:1996]
300 _a"152 p. (prefazione: no ; testo: 152 [pagine: 0-0])"
500 _aPer Convivere con tv di J. Jacobelli. Tu e Tv. Asini. Finzione. Alle Spalle. Un Confine. Atomica. tante Cose. Guerra. Spettacolo. Giustizia. Un Compromesso. quinto Potere. Etica. Regole. Democrazia. Caso Italiano. Una Lezione. Bambini. Consumatori. Diritti. Informazione. Oggettività. Secondo Grado. tv Pubblica. Un Linguaggio. Un Omicidio. Un Dialogo. Infinito. Ignoto. mini Tv. Proposta. Paure.
650 _aSAGGI SULLA TELEVISIONE
650 _eCodice materia Spics: 6961
942 _cBK
957 _71
999 _c77388
_d77388
999 _g1